1544 1272 1677 1203 1591 1964 1512 1160 1121 1857 1678 1163 1091 1237 1490 1480 1861 1485 1497 1543 1421 1120 1492 1637 1150 1658 1886 1431 1708 1023 1937 1232 1256 1335 1405 1842 1385 1759 1241 1491 1890 1221 1971 1752 1320 1877 1279 1053 1827 1289 1267 1058 1091 1530 1213 1726 1169 1878 1599 1818 1404 1175 1803 1219 1617 1862 1639 1536 1738 1062 1085 1052 1735 1394 1559 1253 1906 1648 1656 1338 1376 1155 1119 1744 1757 1808 1595 1097 1791 1664 1704 1313 1344 1318 1828 1272 1857 1217 1119 BCNSPRNW ULIB Ver.6.0+V

เปลี่ยนเป็นภาษาไทย

Change to English
 แสดงรายละเอียดบรรณานุกรม
  กลับหน้าหลัก

Brief Record : Get Marc (ISO 2709) : E-mail record : QR code < ปิดหน้าต่าง
LEADER : 00000nam 2200000uu 4500
001    13399128163
003     ULIB
008    220802s2564||||th 000 0 tha d
020 ^a ^a9786165829267
050 4  ^aLB2806^bจ34ก
100  ^ aจิติมา วรรณศรี.
245 0  ^aการบริหารจัดการศึกษายุคดิจิทัล / ^cจิติมา วรรณศรี.
260 ^a ^aพิษณุโลก : ^bมหาวิทยาลัยนเรศวร, ^c2564.
300 ^a ^a238 หน้า ; ^c24 ซม.
650 4  ^aการจัดการศึกษา.
650 4  ^aการบริหารการศึกษา.
650 4  ^aการพัฒนาการศึกษา.
945    ^p280^l0^i29410
945    ^p280^l0^i29411
945    ^p280^l0^i29412
945    ^p280^l0^i29413
945    ^p280^l0^i29414
999    ^aกัณชพร จุลอักษร
รายการนี้ยังไม่มีแท็ก
คุณยังไม่ได้ล็อกอิน คุณสามารถมีกิจกรรมร่วมกับเว็บไซต์ได้ แต่ต้องล็อกอินก่อน ::
  ล็อกอิน

รายการสื่อสารสนเทศ

ลำดับที่ ประเภท เลขเรียก/บาร์โค้ด สถานที่ สถานะ
1. หนังสือสำรอง
หนังสือสำรอง
LB2806 จ34ก ฉ.1 
  Barcode: 29410
ห้องสมุดวิทยาเขตนครสวรรค์
►หนังสือทั่วไป:l:General Books
บนชั้น
2. วิทยาศาสตร์การแพทย์ และสุขภาพ
วิทยาศาสตร์การแพทย์ และสุขภาพ
LB2806 จ34ก ฉ.2 
  Barcode: 29411
ห้องสมุดวิทยาเขตนครสวรรค์
►หนังสือทั่วไป:l:General Books
บนชั้น
3. วิทยาศาสตร์การแพทย์ และสุขภาพ
วิทยาศาสตร์การแพทย์ และสุขภาพ
LB2806 จ34ก ฉ.3 
  Barcode: 29412
ห้องสมุดวิทยาเขตนครสวรรค์
►หนังสือทั่วไป:l:General Books
บนชั้น
4. วิทยาศาสตร์การแพทย์ และสุขภาพ
วิทยาศาสตร์การแพทย์ และสุขภาพ
LB2806 จ34ก ฉ.4 
  Barcode: 29413
ห้องสมุดวิทยาเขตนครสวรรค์
►หนังสือทั่วไป:l:General Books
บนชั้น
5. วิทยาศาสตร์การแพทย์ และสุขภาพ
วิทยาศาสตร์การแพทย์ และสุขภาพ
LB2806 จ34ก ฉ.5 
  Barcode: 29414
ห้องสมุดวิทยาเขตนครสวรรค์
►หนังสือทั่วไป:l:General Books
บนชั้น

รายการใกล้เคียง
    หัวเรื่อง [การจัดการศึกษา.]
    หัวเรื่อง [การบริหารการศึกษา.]
    หัวเรื่อง [การพัฒนาการศึกษา.]

BibComment


ยังไม่เคยถูกคอมเมนท์

คอมเมนท์ทรัพยากรรายการนี้
  คอมเมนท์: การบริหารจัดการศ..


 Copyright 2026. Bcnsprnw @Library